000 00743nam a22002537a 4500
003 CHAP
005 20220329135130.0
008 971013s r 00010 d
010 _a31439
011 _a32411
035 _a36526
040 _cCHAP
090 _aR-361
100 0 0 _aCrabb, Wilfred D.
_928789
245 _aFood habits of the prairie spotted skunk in southeastern Iowa
500 _aSobretiro de: Journal of Mammalogy 22(4) : 349-364, 1941
590 _aBATCH-UPD
_b10
_c20130110
_lUCH01
_h0210
590 _aBATCH-UPD
_b10
_c20130110
_lUCH01
_h2307
590 _aCONVERSION
_b10
_c20130109
_lUCH01
_h1318
650 1 4 _aZorrillos.
_9124210
901 _aBK
942 _cREIMP
949 _aR-361
_bBC
_cR
_d-84228
_eTS1
_i36526
_si
999 _c31439
_d31439